Normal view MARC view
  • GUPTA, DR. G.D SHARMA DR. SHAILESH AND SINGH, BALJEEET

Entry Personal Name

Number of records used in: 1

001 - CONTROL NUMBER

  • control field: 8354

003 - CONTROL NUMBER IDENTIFIER

  • control field: JRU

005 - DATE AND TIME OF LATEST TRANSACTION

  • control field: 20240109131548.0

008 - FIXED-LENGTH DATA ELEMENTS

  • fixed length control field: 240109|| aca||aabn | a|a d

040 ## - CATALOGING SOURCE

  • Original cataloging agency: JRU
  • Transcribing agency: JRU

100 ## - HEADING--PERSONAL NAME

  • Personal name: GUPTA, DR. G.D SHARMA DR. SHAILESH AND SINGH, BALJEEET

670 ## - SOURCE DATA FOUND

  • Source citation: Work cat.: (JRU)5885: GUPTA, DR. G.D SHARMA DR. SHAILESH AND SINGH, BALJEEET, PRACTICAL MANUAL OF PHARMACEUTICAL CHEMISTRY- I